00404 2200145 4500001002100000008004100021035002000062245004600082100002300128260003000151300001700181082001100198650003600209990001300245INLIS000000000000510 ind  a0010-0423000510 aPARA FILSUF DARI PLATO SAMPAI IBNU BAJJAH aWAHYU MURTININGSIH aYOGYAKARTAbIRCISODc2012 ahlm.c19 cm. a921.03 aBIOGRAFI FILSAFAT - ENSIKLOPEDI a103107-1